000 007680000a22001810004500
005 20231211113315.0
008 230817t1966 ||||| |||| 00| 0 eng d
082 _a340.59
_bCEY
110 _aCeylon, the government
245 _aThe Muslim marriage and divorce law reports:
_bcontaining cases decided by the Board of Quazis, the Supreme Court of Ceylon and Her Majesty the Queen in Her Privy Council on appeal from the Supreme Court of Ceylon, and articles on marriage and divorce and other connected matters, with a digest
260 _aColombo:
_b[the government press],
_c1966
300 _a149 p.
490 _aVolume-III
650 _aDivorce (Islamic law)- Sri Lanka
650 _aMarriage (Islamic law)- Sri Lanka
700 _aMarkhani, M.
_eed.
942 _cRP
999 _c185
_d185